| 000 | 00355nam a22001337a 4500 | ||
|---|---|---|---|
| 008 | 230605b xxu||||| |||| 00| 0 eng d | ||
| 082 |
_a328.0601 _bIPU |
||
| 110 | _d2009 | ||
| 245 |
_aChronicle of Parliament Elections _cInter-Parliamentary Union |
||
| 260 |
_aNew York _bInter-Parliamentary Union _c2009 |
||
| 300 | _a238 p | ||
| 440 | _v43 | ||
| 942 |
_2ddc _cBK |
||
| 999 |
_c374 _d374 |
||